000 00329nam a2200133Ia 4500
008 240624s9999 xx 000 0 und d
041 _aeng
082 _a828 CLE
100 _aCLEGG BRIAN
245 _aINFLIGHT SCIENCE A GUIDE TO THE WORLD FR
260 _c2011
_aNew Delhi
_bIcon Books
300 _a224 : p.
365 _cRS
_b25
999 _c17414
_d17414